| 000 | 00451nam a2200193Ia 4500 | ||
|---|---|---|---|
| 005 | 20250425162649.0 | ||
| 008 | 250425s9999 xx 000 0 und d | ||
| 020 | _a0003700232 | ||
| 041 | _aeng | ||
| 082 | _a423 | ||
| 245 | 0 | _aCOLLINNS COBUILD ENGLISH LANGUAGE DICTIONARY | |
| 250 | _aS.E | ||
| 260 |
_aEstados Unidos _bCOLLINS _c1988 |
||
| 260 | _aMANCHESTER | ||
| 300 | _a1703 | ||
| 650 | _aDICCIONARIOS | ||
| 942 | _c01 | ||
| 010 | _a95115 | ||
| 999 |
_c233897 _d233897 |
||